Law and social change in contemporary Britain (Record no. 427285)

000 -LEADER
fixed length control field 00401cam a22001337a 4500
008 - FIXED-LENGTH DATA ELEMENTS--GENERAL INFORMATION
fixed length control field 180718b1951 xxu||||| |||| 00| 0 eng d
082 ## - DEWEY DECIMAL CLASSIFICATION NUMBER
Classification number G93x42 F914
100 ## - MAIN ENTRY--PERSONAL NAME
Personal name Friedmann, W.
245 ## - TITLE STATEMENT
Title Law and social change in contemporary Britain
Statement of responsibility, etc. by W. Friedmann
260 ## - PUBLICATION, DISTRIBUTION, ETC.
Place of publication, distribution, etc. London
Name of publisher, distributor, etc. Stevens
Date of publication, distribution, etc. 1951
300 ## - PHYSICAL DESCRIPTION
Extent 322p
650 ## - SUBJECT ADDED ENTRY--TOPICAL TERM
Topical term or geographic name entry element Great Britain --Social conditions
650 ## - SUBJECT ADDED ENTRY--TOPICAL TERM
Topical term or geographic name entry element Law --Great Britain --History
Holdings
Withdrawn status Lost status Damaged status Not for loan Permanent Location Current Location Date acquired Full call number Barcode Date last seen Price effective from Koha item type
        Indian Institute of Public Administration Indian Institute of Public Administration 2009-11-13 G93x42 F914 2431 2018-07-21 2018-07-21 Book

Powered by Koha